000
00234nam a2200097Ia 4500
001
643347
005
20250826153544.0
008
250824s9999 xx 000 0 und d
245
0
_a
HEPİMUS İNSANUS
_c
MİNE SOTA
260
_b
GENÇ TİMAŞ
999
_c
643347
_d
643347